000 00195nam a22000857a 4500
001 1300962
005 20260420110007.0
245 _aKOÇYİĞİT
_cAHMET YILMAZ BOYUNAĞA
260 _bTİMAŞ YAYNILARI
999 _c1300962
_d1300962